00885nam a2200289 a 450000100060000000300080000600500170001400800410003102000170007203500190008904000270010804100080013506000150014308200250015810000220018324500810020525000110028626000310029730000340032849000490036250400370041165000250044865000270047370000230050070000230052383000490054670069BD-RjUL20211209081948.0170415s1976 nyua b 001 0 eng d a0471084514 : a(BD-RjUL)70281 aDLCcDLCdBD-RjULbeng aeng aQU60 B666p00a572.65223bBOP 19761 aBodanszky, Miklos10aPeptide synthesis /cMiklos Bodanszky, Yakir S. Klausner, Miguel A. Ondetti. a2d ed. aNew York :bWiley,cc1976. axiv, 208 p. :bill. ;c24 cm.0 aInterscience monographs on organic chemistry aIncludes bibliography and index. 0aPeptidesxSynthesis. 0aComponents of Proteins1 aKlausner, Yakir S.1 aOndetti, Miguel A. aInterscience monographs on organic chemistry